How stronger patent protection in India might affect the behavior of transnational pharmaceutical industries (Record no. 284946)

000 -LEADER
fixed length control field 00404cam a22001097a 4500
008 - FIXED-LENGTH DATA ELEMENTS--GENERAL INFORMATION
fixed length control field 180718b2000 xxu||||| |||| 00| 0 eng d
100 ## - MAIN ENTRY--PERSONAL NAME
Personal name Fink, Carsten
245 ## - TITLE STATEMENT
Title How stronger patent protection in India might affect the behavior of transnational pharmaceutical industries
Statement of responsibility, etc. by Carsten Fink
260 ## - PUBLICATION, DISTRIBUTION, ETC.
Place of publication, distribution, etc. Washington, D.C.
Name of publisher, distributor, etc. World Bank
Date of publication, distribution, etc. 2000
300 ## - PHYSICAL DESCRIPTION
Extent 44p.
440 ## - SERIES STATEMENT/ADDED ENTRY--TITLE
Title Policy research working paper 2352
Holdings
Withdrawn status Lost status Damaged status Not for loan Permanent Location Current Location Date acquired Barcode Date last seen Price effective from Koha item type
        Indian Institute of Public Administration Indian Institute of Public Administration 2001-06-12 WB8770 2018-07-20 2018-07-20 WB

Powered by Koha